UM Logo

Junction temperature optimization based compensation strategy of modular multilevel railway power conditioner / (Record no. 19410)

MARC details
000 -LEADER
fixed length control field 01037nam a22002417a 4500
003 - CONTROL NUMBER IDENTIFIER
control field OSt
005 - DATE AND TIME OF LATEST TRANSACTION
control field 20250916091627.0
008 - FIXED-LENGTH DATA ELEMENTS--GENERAL INFORMATION
fixed length control field 240228b ||||| |||| 00| 0 eng d
040 ## - CATALOGING SOURCE
Transcribing agency 0
082 ## - DEWEY DECIMAL CLASSIFICATION NUMBER
Classification number DPer 621.317 Ie21 June 2022 v. 37 n. 6
100 ## - MAIN ENTRY--PERSONAL NAME
Personal name Ding, Hongqi.
Relator term author.
9 (RLIN) 53561
245 ## - TITLE STATEMENT
Title Junction temperature optimization based compensation strategy of modular multilevel railway power conditioner /
Statement of responsibility, etc. Hongqi Ding, Fujun Ma, Rong Han, Lei Wang, Liheng Lin, and Qianming Xu.
260 ## - PUBLICATION, DISTRIBUTION, ETC. (IMPRINT)
Place of publication, distribution, etc. New York ;
Name of publisher, distributor, etc. The Institute of Electrical and Electronics Engineers, Inc. ,
Date of publication, distribution, etc. June 2022.
300 ## - PHYSICAL DESCRIPTION
Extent Volume 37, pages 6585-6598 :
Other physical details illustration ;
Dimensions 29 cm.
500 ## - GENERAL NOTE
General note IEEE Transactions on Power Electronics, vol. 37, no. 6, pages 6585-6598, June 2022.
700 ## - ADDED ENTRY--PERSONAL NAME
Personal name Ding, Hongqi.
Relator term author.
9 (RLIN) 53561
700 ## - ADDED ENTRY--PERSONAL NAME
Personal name Ma, Fujun.
Relator term author.
9 (RLIN) 53562
700 ## - ADDED ENTRY--PERSONAL NAME
Personal name Han, Rong.
Relator term author.
9 (RLIN) 53563
700 ## - ADDED ENTRY--PERSONAL NAME
Personal name Wang, Lei.
Relator term author.
9 (RLIN) 53564
700 ## - ADDED ENTRY--PERSONAL NAME
Personal name Lin, Liheng.
Relator term author.
9 (RLIN) 53565
700 ## - ADDED ENTRY--PERSONAL NAME
Personal name Xu, Qianming.
Relator term author.
9 (RLIN) 53566
942 ## - ADDED ENTRY ELEMENTS (KOHA)
Source of classification or shelving scheme Dewey Decimal Classification
Koha item type Periodicals
Holdings
Withdrawn status Lost status Source of classification or shelving scheme Damaged status Not for loan Collection code Home library Current library Date acquired Total Checkouts Full call number Date last seen Price effective from Koha item type Public note
    Dewey Decimal Classification     Periodicals UM Digos College - LIC UM Digos College - LIC 02/28/2024   DPer 621.317 Ie21 June 2022 v.37 n. 6 02/28/2024 02/28/2024 Periodicals Periodical Article